000 004370000a22001690004500
041 0 _aSPA
082 0 4 _aG 280.09 B8691i
100 1 _aBrondos, David
245 1 0 _aIglesias y grupos cristianos en América Latina / David Brondos
260 _a[S.L] : Coextensión
300 _a69 Pag
001 8616
942 _cBK
999 _c38750
_d38750
336 _atexto
_btxt
_2rdacontent
337 _2rdamedia
_asin mediación
_bn
338 _2rdacarrier
_avolumen
_bnc